000 00975nam a2200289 i 4500
003 EG-ScBUE
005 20250728094951.0
008 100316r20082009ii a f b 001 0 eng d
020 _a9788122420920
020 _a8122420923
040 _aEG-ScBUE
_beng
_erda
_cEG-ScBUE
_dEG-ScBUE
082 0 4 _222
_a543
_bKHO
100 1 _912798
_aKhopkar, S. M.,
_eauthor.
245 1 0 _aBasic Concepts of Analytical Chemistry /
_cS. M. Khopkar, professor emeritus, Department of Chemistry, Indian Institute of Technology, Bombay.
250 _aThird edition.
250 _aReprint edition.
264 1 _aNew Delhi :
_bNew Age,
_c2009
300 _a604 pages :
_billustrations ;
_c24 cm.
336 _2rdacontent
_atext
_btxt
337 _aunmediated
_2rdamedia
_bn
338 _avolume
_bnc
_2rdacarrier
490 0 _aNew age
504 _aIncludes bibliographical references and index.
650 7 _912797
_aChemistry, Analytic.
_2BUEsh
655 _vReading book
942 _2ddc
_cBB
999 _c13706
_d13706